[Event "Chess House GM-Tourney 2019"]
[Site "Aarhus"]
[Date "2019.02.09"]
[Round "1.1"]
[White "Bach, Matthias"]
[Black "Olsen, Filip Boe"]
[Result "1/2-1/2"]
[WhiteElo "2307"]
[BlackElo "2397"]
[Annotator "NA"]
[PlyCount "63"]
[EventDate "2019.02.09"]
[EventType "tourn"]
[EventCountry "DEN"]
[SourceTitle "playchess.com"]
[Source "ChessBase"]
[SourceQuality "1"]
[TimeControl "40/5400+30:1800+30"]

1. e4 {[%emt 0:00:00]} c6 {[%emt 0:00:00]} 2. c4 {[%emt 0:00:00]} d5 {[%emt 0:00:04]} 3. exd5 {[%emt 0:00:00]} cxd5 {[%emt 0:00:07]} 4. d4 {[%emt 0:00:02]} Nf6 {[%emt 0:00:10]} 5. Nc3 {[%emt 0:00:17]} g6 {[%emt 0:00:31]} 6. Bg5 {[%emt 0:09:17]} Bg7 {[%emt 0:01:08] B14: Caro-Kann: Panov-Botvinnik Attack with 5...e6 and 5...g6} 7. Qd2 {[%emt 0:00:12]} (7. Nf3 O-O 8. Bxf6 exf6 9. Nxd5 Bg4 10. Be2 Nc6 11. O-O f5 12. Rc1 Bxf3 13. Bxf3 Nxd4 14. b4 Re8 15. Qd3 Qd7 {0-1 (32) Gogolev,A (2427)-Motylev,A (2675) Sochi 2017}) 7... Nc6 {[%emt 0:05:34]} 8. Rd1 $146 {[%emt 0:09:48]} ({Predecessor:} 8. cxd5 Nxd5 9. Nf3 h6 10. Be3 Nxe3 11. fxe3 O-O 12. Be2 Qb6 13. O-O Rd8 14. Rac1 {0-1 (40) Sanduleac,V (2386)-Chetrari,N (2146) Eforie Nord 2015}) 8... Bg4 {[%emt 0:08:35]} 9. f3 {[%emt 0:00:59]} Be6 {[%emt 0:00:36]} 10. Nge2 {[%emt 0:00:57]} h6 {[%emt 0:08:52]} 11. Be3 {[%emt 0:01:47]} dxc4 {[%emt 0:01:51]} 12. Nf4 {[%emt 0:01:45]} Bd5 {[%emt 0:04:17]} 13. Ncxd5 {[%emt 0:03:23]} Nxd5 {[%emt 0:00:27]} 14. Bxc4 {[%emt 0:00:30]} Nxe3 {[%emt 0:04:21]} 15. Qxe3 {[%emt 0:00:10]} Nxd4 {[%emt 0:09:16]} 16. O-O {[%emt 0:03:45]} Qd6 {[%emt 0:11:17]} 17. Rfe1 {[%emt 0:14:36]} O-O {[%emt 0:01:51]} 18. Kh1 {[%emt 0:05:08]} Rfd8 {[%emt 0:05:12]} 19. Qe4 {[%emt 0:08:17]} e6 {[%emt 0:02:33]} 20. Nxg6 {[%emt 0:08:38]} Rac8 {[%emt 0:11:27]} 21. Bd3 {[%emt 0:05:08]} fxg6 {[%emt 0:02:41]} 22. Qxg6 {[%emt 0:00:10]} Rc5 {[%emt 0:04:29]} 23. f4 {[%emt 0:05:11]} Nf5 {[%emt 0:03:08]} 24. Bc2 {[%emt 0:04:30]} Nd4 {[%emt 0:01:59]} 25. Bb3 {[%emt 0:04:06]} Qf8 {[%emt 0:02:44]} 26. Bxe6+ {[%emt 0:05:11]} Nxe6 {[%emt 0:01:39]} 27. Qxe6+ {[%emt 0:00:05]} Kh8 {[%emt 0:00:22]} 28. Rxd8 {[%emt 0:00:38]} Qxd8 {[%emt 0:00:01]} 29. Qf7 {[%emt 0:00:55]} Qf6 {[%emt 0:01:18]} 30. Qxb7 $17 {[%emt 0:02:19]} Qe6 {[%emt 0:01:36]} 31. Qb4 {[%emt 0:01:36]} Bc3 {[%emt 0:04:37]} 32. Qb8+ {[%emt 0:01:03]} 1/2-1/2

[Event "Chess House GM-Tourney 2019"]
[Site "Aarhus"]
[Date "2019.02.09"]
[Round "1.2"]
[White "Kollars, Dmitrij"]
[Black "Grivas, Efstratios"]
[Result "1/2-1/2"]
[WhiteElo "2567"]
[BlackElo "2413"]
[Annotator "ChessBase"]
[PlyCount "98"]
[EventDate "2019.02.09"]
[EventType "tourn"]
[EventCountry "DEN"]
[SourceTitle "playchess.com"]
[Source "ChessBase"]
[SourceQuality "1"]
[TimeControl "40/5400+30:1800+30"]

1. e4 {[%emt 0:00:00]} c5 {[%emt 0:00:00]} 2. Nf3 {[%emt 0:00:00]} Nc6 {[%emt 0:00:13]} 3. Bb5 {[%emt 0:00:12]} d6 {[%emt 0:00:28]} 4. O-O {[%emt 0:00:31]} Bd7 {[%emt 0:00:20]} 5. Re1 {[%emt 0:01:55]} Nf6 {[%emt 0:00:22]} 6. c3 {[%emt 0:00:19]} a6 {[%emt 0:00:23]} 7. Bc4 {[%emt 0:00:28]} Bg4 {[%emt 0:07:12]} 8. d4 {[%emt 0:00:32]} e6 {[%emt 0:12:17]} 9. d5 {[%emt 0:15:06]} Bxf3 {[%emt 0:10:18]} 10. Qxf3 {[%emt 0:02:54]} Ne5 {[%emt 0:00:49]} 11. Qe2 {[%emt 0:00:07]} Nxc4 {[%emt 0:01:20]} 12. Qxc4 {[%emt 0:00:12]} exd5 {[%emt 0:00:25]} 13. exd5+ {[%emt 0:00:28]} Be7 {[%emt 0:00:09]} 14. Qe2 {[%emt 0:13:18]} Qd7 {[%emt 0:04:52]} 15. Bd2 {[%emt 0:04:36]} b5 {[%emt 0:17:11]} 16. a4 {[%emt 0:11:00]} bxa4 {[%emt 0:00:28]} 17. c4 {[%emt 0:07:23]} Ra7 {[%emt 0:01:04]} 18. Ra3 {[%emt 0:01:00]} O-O {[%emt 0:01:11]} 19. Re3 {[%emt 0:00:50]} Bd8 {[%emt 0:03:11]} 20. Bc3 {[%emt 0:00:56]} Rb7 {[%emt 0:05:05]} 21. Nd2 {[%emt 0:02:00]} a3 {[%emt 0:01:46]} 22. bxa3 {[%emt 0:00:21]} Qf5 {[%emt 0:08:53]} 23. Qd1 {[%emt 0:05:14]} Qd7 {[%emt 0:01:40]} 24. h3 {[%emt 0:06:46]} Re8 {[%emt 0:05:01]} 25. Rxe8+ {[%emt 0:02:03]} Nxe8 {[%emt 0:00:09]} 26. Qg4 {[%emt 0:00:11]} Kf8 {[%emt 0:00:35]} 27. Qe4 {[%emt 0:01:22]} Qe7 {[%emt 0:05:27]} 28. Kf1 {[%emt 0:07:12]} Qxe4 {[%emt 0:00:31]} 29. Nxe4 {[%emt 0:00:32]} f5 {[%emt 0:04:59]} 30. Nd2 {[%emt 0:00:59]} Bf6 {[%emt 0:00:32]} 31. Bxf6 {[%emt 0:01:37]} Nxf6 {[%emt 0:00:08]} 32. Re6 {[%emt 0:00:47]} Ne8 {[%emt 0:03:30]} 33. g4 {[%emt 0:00:50]} fxg4 {[%emt 0:00:39]} 34. hxg4 {[%emt 0:00:09]} Re7 {[%emt 0:00:24]} 35. f4 {[%emt 0:03:07]} Rf7 {[%emt 0:01:53]} 36. f5 {[%emt 0:00:23]} Nf6 {[%emt 0:02:42]} 37. Ne4 {[%emt 0:04:45]} Nxe4 {[%emt 0:00:17]} 38. Rxe4 {[%emt 0:00:04]} h5 {[%emt 0:01:23]} 39. Re6 {[%emt 0:04:10]} hxg4 {[%emt 0:00:06]} 40. Kg2 {[%emt 0:00:25]} Rxf5 {[%emt 0:01:17]} 41. Rxd6 {[%emt 0:30:16]} Rf4 {[%emt 0:30:25]} 42. Rxa6 {[%emt 0:00:19]} Rxc4 {[%emt 0:00:08]} 43. Rc6 {[%emt 0:02:44]} Ke7 {[%emt 0:00:34]} 44. Kg3 {[%emt 0:00:16]} Ra4 {[%emt 0:00:40]} 45. Rxc5 {[%emt 0:00:11]} Rxa3+ {[%emt 0:00:22]} 46. Kxg4 {[%emt 0:00:05]} Kd6 {[%emt 0:00:07]} 47. Rb5 {[%emt 0:00:14]} Rd3 {[%emt 0:00:17]} 48. Kf5 {[%emt 0:00:16]} Rxd5+ {[%emt 0:00:08]} 49. Rxd5+ {[%emt 0:00:04]} Kxd5 {[%emt 0:00:07] Ke4+} 1/2-1/2

[Event "Chess House GM-Tourney 2019"]
[Site "Aarhus"]
[Date "2019.02.09"]
[Round "1.3"]
[White "Thybo, Jesper Sondergaard"]
[Black "Fries-Nielsen, Jens Ove"]
[Result "1/2-1/2"]
[WhiteElo "2517"]
[BlackElo "2371"]
[Annotator "RC"]
[PlyCount "100"]
[EventDate "2019.02.09"]
[EventType "tourn"]
[EventCountry "DEN"]
[SourceTitle "playchess.com"]
[Source "ChessBase"]
[SourceQuality "1"]
[TimeControl "40/5400+30:1800+30"]

1. d4 {[%emt 0:00:00]} d5 {[%emt 0:00:00]} 2. c4 {[%emt 0:00:00]} e6 {[%emt 0:00:00]} 3. Nf3 {[%emt 0:00:00]} Nf6 {[%emt 0:00:12]} 4. g3 {[%emt 0:00:30]} Be7 {[%emt 0:00:49]} 5. Bg2 {[%emt 0:00:09]} O-O {[%emt 0:00:07]} 6. O-O {[%emt 0:00:07]} Na6 {[%emt 0:00:32]} 7. Nc3 {[%emt 0:00:49]} c6 {[%emt 0:01:19]} 8. b3 {[%emt 0:00:17]} b6 {[%emt 0:05:57]} 9. Bb2 {[%emt 0:10:21]} Bb7 {[%emt 0:00:08]} 10. Qb1 {[%emt 0:04:57]} c5 {[%emt 0:05:55]} 11. Rd1 {[%emt 0:16:15]} Qb8 {[%emt 0:01:17]} 12. cxd5 {[%emt 0:04:36]} exd5 {[%emt 0:02:57]} 13. Nh4 {[%emt 0:08:12]} Rd8 {[%emt 0:02:00]} 14. Nf5 {[%emt 0:01:07]} Bf8 {[%emt 0:00:02]} 15. Qc1 {[%emt 0:02:00]} h6 {[%emt 0:03:54]} 16. Qe3 {[%emt 0:03:29]} Re8 {[%emt 0:01:59]} 17. Qf3 {[%emt 0:00:45]} Re6 {[%emt 0:07:37]} 18. Bh3 {[%emt 0:02:36]} Qe8 {[%emt 0:02:36]} 19. Qf4 {[%emt 0:10:49]} Rd8 {[%emt 0:06:55]} 20. e3 {[%emt 0:01:12]} Nh7 {[%emt 0:02:05]} 21. Bg2 {[%emt 0:01:53]} Nf6 {[%emt 0:06:38]} 22. Rac1 {[%emt 0:00:49]} Kh7 {[%emt 0:02:13]} 23. dxc5 {[%emt 0:05:04]} bxc5 {[%emt 0:00:33]} 24. Na4 {[%emt 0:04:47]} g5 {[%emt 0:14:17]} 25. Qf3 {[%emt 0:00:34]} Bc6 {[%emt 0:05:38]} 26. Qe2 {[%emt 0:04:17]} Bb5 {[%emt 0:10:22]} 27. Qc2 {[%emt 0:00:35]} Kg8 {[%emt 0:00:01]} 28. Qc3 {[%emt 0:05:31]} Bxa4 {[%emt 0:04:25]} 29. bxa4 {[%emt 0:01:00]} Nb4 {[%emt 0:00:05]} 30. Ra1 {[%emt 0:02:24]} Qxa4 {[%emt 0:03:49]} 31. a3 {[%emt 0:02:11]} d4 {[%emt 0:00:04]} 32. Qc4 {[%emt 0:02:24]} Qc2 {[%emt 0:00:13]} 33. Qxc2 {[%emt 0:05:14]} Nxc2 {[%emt 0:00:05]} 34. Rac1 {[%emt 0:00:05]} d3 {[%emt 0:00:13]} 35. Bf1 {[%emt 0:01:01]} c4 {[%emt 0:00:56]} 36. Nd4 {[%emt 0:01:07]} Rb6 {[%emt 0:00:36]} 37. Nxc2 {[%emt 0:00:29]} Rxb2 {[%emt 0:00:38]} 38. Nd4 {[%emt 0:00:06]} Ne4 {[%emt 0:01:02]} 39. Rxc4 {[%emt 0:00:51]} Nxf2 {[%emt 0:00:14]} 40. Ra1 {[%emt 0:00:30]} Ng4 {[%emt 0:07:16]} 41. Nc6 {[%emt 0:10:06]} Nxe3 {[%emt 0:03:27]} 42. Nxd8 {[%emt 0:00:53]} Nxc4 {[%emt 0:01:33]} 43. Bxd3 {[%emt 0:00:06]} Bc5+ {[%emt 0:06:59]} 44. Kh1 {[%emt 0:00:16]} Ne5 {[%emt 0:00:45]} 45. Be4 {[%emt 0:01:02]} Ng4 {[%emt 0:02:43]} 46. Bg2 {[%emt 0:00:07]} Nf2+ {[%emt 0:11:09]} 47. Kg1 {[%emt 0:00:02]} Nd3+ {[%emt 0:01:17]} 48. Kh1 {[%emt 0:00:07]} Nf2+ {[%emt 0:03:50]} 49. Kg1 {[%emt 0:00:30]} Ng4+ {[%emt 0:03:09]} 50. Kh1 {[%emt 0:00:01]} Nf2+ {[%emt 0:01:58]} 1/2-1/2

[Event "Chess House GM-Tourney 2019"]
[Site "Aarhus"]
[Date "2019.02.09"]
[Round "1.4"]
[White "Kotronias, Vasilios"]
[Black "Bjerre, Jonas Buhl"]
[Result "0-1"]
[WhiteElo "2486"]
[BlackElo "2432"]
[Annotator "RC"]
[PlyCount "88"]
[EventDate "2019.02.09"]
[EventType "tourn"]
[EventCountry "DEN"]
[SourceTitle "playchess.com"]
[Source "ChessBase"]
[SourceQuality "1"]
[TimeControl "40/5400+30:1800+30"]

1. e4 {[%emt 0:00:00]} c5 {[%emt 0:00:00]} 2. Nf3 {[%emt 0:00:00]} d6 {[%emt 0:00:01]} 3. d4 {[%emt 0:00:05]} cxd4 {[%emt 0:00:09]} 4. Nxd4 {[%emt 0:00:04]} Nf6 {[%emt 0:00:14]} 5. Nc3 {[%emt 0:00:06]} a6 {[%emt 0:00:14]} 6. Bg5 {[%emt 0:00:09]} Nbd7 {[%emt 0:00:30]} 7. Qe2 {[%emt 0:00:32]} b5 {[%emt 0:01:06]} 8. O-O-O {[%emt 0:00:54]} Bb7 {[%emt 0:00:43]} 9. Bxf6 {[%emt 0:07:26]} Nxf6 {[%emt 0:02:06]} 10. e5 {[%emt 0:01:08]} dxe5 {[%emt 0:01:51]} 11. Ndxb5 {[%emt 0:03:24]} Nd7 {[%emt 0:01:06]} 12. Na3 {[%emt 0:08:24]} e6 {[%emt 0:15:17]} 13. Nc4 {[%emt 0:00:19]} Qc7 {[%emt 0:01:51]} 14. h4 {[%emt 0:25:26]} Be7 {[%emt 0:10:06]} 15. Rh3 {[%emt 0:00:06]} O-O {[%emt 0:07:19]} 16. g4 {[%emt 0:05:20]} Rfd8 {[%emt 0:06:10]} 17. g5 {[%emt 0:07:12]} a5 {[%emt 0:07:30]} 18. Nb5 {[%emt 0:11:20]} Qc5 {[%emt 0:06:09]} 19. Ncd6 {[%emt 0:00:39]} Bd5 {[%emt 0:04:32]} 20. Ne4 {[%emt 0:08:12]} Qb4 {[%emt 0:04:03]} 21. Nec3 {[%emt 0:02:55]} Bc6 {[%emt 0:05:29]} 22. a3 {[%emt 0:03:56]} Qf4+ {[%emt 0:03:02]} 23. Qe3 {[%emt 0:01:57]} Bc5 {[%emt 0:03:23]} 24. Qxf4 {[%emt 0:00:08]} exf4 {[%emt 0:00:04]} 25. Nd4 {[%emt 0:08:13]} Bb7 {[%emt 0:01:20]} 26. Ncb5 {[%emt 0:00:04]} Ne5 {[%emt 0:05:49]} 27. Rc3 {[%emt 0:00:04]} Bb6 {[%emt 0:00:56]} 28. Be2 {[%emt 0:02:18]} Rd7 {[%emt 0:02:43]} 29. Nf3 {[%emt 0:00:46]} Rxd1+ {[%emt 0:00:47]} 30. Bxd1 {[%emt 0:00:03]} Ng4 {[%emt 0:00:59]} 31. Nd6 {[%emt 0:00:42]} Bd5 {[%emt 0:04:10]} 32. Nc8 {[%emt 0:00:54]} Bd8 {[%emt 0:00:58]} 33. Nd2 {[%emt 0:02:34]} Nxf2 {[%emt 0:01:09]} 34. Bf3 {[%emt 0:00:01]} f6 {[%emt 0:01:41]} 35. Bxd5 {[%emt 0:01:01]} exd5 {[%emt 0:00:05]} 36. Nf3 {[%emt 0:00:53]} Ne4 {[%emt 0:01:58]} 37. Rc6 {[%emt 0:00:00]} fxg5 {[%emt 0:00:27]} 38. hxg5 {[%emt 0:00:03]} Nxg5 {[%emt 0:00:35]} 39. Nxg5 {[%emt 0:00:05]} Bxg5 {[%emt 0:00:04]} 40. Kd1 {[%emt 0:00:34]} f3 {[%emt 0:02:36]} 41. Ke1 {[%emt 0:31:44]} Bh4+ {[%emt 0:02:58]} 42. Kf1 {[%emt 0:00:00]} a4 {[%emt 0:02:41]} 43. Nd6 {[%emt 0:00:00]} g6 {[%emt 0:02:30]} 44. c4 {[%emt 0:00:00]} Rb8 {[%emt 0:04:59]} 0-1

[Event "Chess House GM-Tourney 2019"]
[Site "Aarhus"]
[Date "2019.02.09"]
[Round "1.5"]
[White "Zumsande, Martin"]
[Black "Ochsner, Bjorn Moller"]
[Result "0-1"]
[WhiteElo "2492"]
[BlackElo "2476"]
[Annotator "TA"]
[PlyCount "110"]
[EventDate "2019.02.09"]
[EventType "tourn"]
[EventCountry "DEN"]
[SourceTitle "playchess.com"]
[Source "ChessBase"]
[SourceQuality "1"]

{[%evp 13,110,8,0,13,0,6,16,-8,0,-22,-21,-34,-43,-67,-52,-85,-8,-19,0,0,0,0,0,-14,-14,-14,-18,-21,-14,-17,-10,-16,0,0,-12,0,56,49,106,-111,-110,-110,-110,-136,-150,-289,-234,-355,-203,-268,0,-453,0,-253,0,-448,-359,-322,-290,-260,-251,-219,-199,-366,0,0,0,-402,0,0,-10,-339,-359,-365,-351,-315,-331,-330,-345,-611,-385,-668,-645,-658,-662,-643,-590,-932,-760,-5665,-5009,-29984,-29985,-29987,-29988,-29996,-29997,-29997,-29998]} 1. e4 c5 2. c3 Nf6 3. e5 Nd5 4. d4 cxd4 5. cxd4 d6 6. Bc4 e6 7. Nf3 Be7 8. O-O {B22: Sicilian: 2 c3} O-O 9. a3 (9. Qe2 Nc6 10. Rd1 Na5 11. Bxd5 exd5 12. Nc3 Be6 13. Bf4 a6 14. h3 Re8 15. exd6 Bxd6 16. Bxd6 Qxd6 17. Qe5 Nc4 18. Qxd6 Nxd6 {½-½ (32) Nisipeanu,L (2672)-Grischuk,A (2785) Heraklio 2017}) 9... b6 10. Qe2 {The position is equal.} Bb7 11. Bd3 dxe5 12. dxe5 Nd7 13. Qe4 {[%csl Gd3][%cal Re4h7]} g6 14. Qg4 Qc7 ({Black should try} 14... Nc5 $17 15. Bc2 Ba6) 15. Re1 $1 $11 Rfc8 $146 {Threatens to win with ...Qxc1.} ({Predecessor:} 15... Rac8) 16. Bh6 Nc5 17. Bc2 Ba6 {Black wants to play ...Bd3.} 18. Nbd2 {[%cal Bb1d2,Bd2c4,Bc4d6][%mdl 32]} Bd3 19. Rac1 {Strongly threatening Bxd3.} Qd7 20. Qd4 Bxc2 21. Rxc2 Qb5 22. b4 Nd7 (22... Nd3 23. a4 $1 $16 {[%mdl 512]}) 23. Nc4 Qa4 24. Rd2 b5 (24... a5 $11) 25. Nd6 $14 Rc3 ({Better is} 25... N7b6 $14) 26. Ng5 $2 (26. Qg4 $1 $16 {is forced if you want to stay better.} N7b6 27. Nd4 (27. Nxf7 $2 Kxf7 28. Nd4 Nc7 $19)) 26... Bxg5 $17 27. Bxg5 Rxa3 28. h3 a5 $36 {[%mdl 2048] Black is on the roll.} (28... Nxb4 $2 29. Qf4 $18) 29. Qh4 (29. bxa5 $17 {might work better.} Qxd4 30. Rxd4) 29... Ra1 $19 (29... Qxb4 30. Re4 $19) (29... Nxb4 30. Nxf7 $1 {[%mdl 512]} Nd5 31. Nh6+ Kg7 32. Nf5+ $1 {[%mdl 512]} (32. Ng4 Ra1 $16) 32... Kg8 33. Qh6 $18) (29... axb4 30. Rxd5 $1 {[%mdl 512]} exd5 31. Nxf7 $1 $11 {[%mdl 512]}) 30. Rde2 (30. Qe4 {was necessary.}) 30... Nc3 ({Not} 30... Nxb4 31. Qf4 $11) (30... axb4 $142 31. Qg4 Qa3 32. Rxa1 Qxa1+ {[%mdl 64] Double Attack} 33. Kh2 Nxe5) 31. Re3 Nd5 $2 ({But not} 31... axb4 32. Qf4 $17) ({Black should play} 31... Rxe1+ $19 32. Rxe1 Qxb4) 32. Re4 $2 {[%mdl 8192]} (32. R3e2 $1 $11) 32... Nc3 (32... axb4 $142 33. Bc1 Qc2) 33. R4e3 Nd5 $2 ({Much less strong is} 33... axb4 34. Qf4 $17) (33... Rxe1+ 34. Rxe1 Qxb4) 34. Re4 Rxe1+ 35. Rxe1 Qxb4 36. Re4 Qb1+ 37. Kh2 h5 38. g4 $2 (38. Rd4) 38... Nc3 $2 (38... hxg4 $19 39. Qxg4 Ra6) 39. Re3 $11 Nd5 $2 {[%mdl 8192]} (39... Qb4 $11 40. Qg3 Nd5 41. gxh5 Nxe3 42. Bxe3 Qb1 43. Nxf7 {[%mdl 64] Decoy} Kxf7 44. Qf3+ Qf5 45. hxg6+ Kg7 46. Qxa8 a4) 40. Re4 $19 Nc3 $2 (40... hxg4 $19 {aiming for ...a4.} 41. Qxg4 Ra6) 41. Re3 $11 Qb4 {...Nxe5! is the strong threat.} 42. Bh6 $2 {[%mdl 8192]} (42. Qg3 $1 $11 {and White is okay.} Nd5 {[#]} 43. gxh5 $1 {[%mdl 512]} Nxe3 44. Bxe3) 42... Nd5 $19 43. Re4 Qc5 44. gxh5 {[#]} Nxe5 $1 {[%mdl 576] Remove Defender} 45. Rxe5 Qxd6 46. Qg3 $2 (46. Bf4 Nxf4 47. Qxf4) 46... Rc8 47. Kg2 $2 (47. hxg6 f6 48. Re1 Qxg3+ 49. Kxg3) 47... b4 48. Bd2 Ne7 49. Bf4 Rc4 50. Bg5 Nc6 51. Bf6 Nxe5 52. Bxe5 Qd5+ {Black mates.} 53. Kh2 Rc1 {[%csl Gc1][%cal Rd5h1]} 54. Qe3 Rh1+ 55. Kg3 Rg1+ {Accuracy: White = 39%, Black = 49%.} 0-1

[Event "Chess House GM-Tourney 2019"]
[Site "Aarhus"]
[Date "2019.02.10"]
[Round "2.1"]
[White "Bach, Matthias"]
[Black "Kollars, Dmitrij"]
[Result "0-1"]
[WhiteElo "2307"]
[BlackElo "2567"]
[Annotator "TA"]
[PlyCount "50"]
[EventDate "2019.02.09"]
[EventType "tourn"]
[EventCountry "DEN"]
[SourceTitle "playchess.com"]
[Source "ChessBase"]
[SourceQuality "1"]

{[%evp 9,50,-78,-67,-65,-73,-97,-99,-95,-107,-113,-112,-168,-162,-250,-233,-353,-335,-353,-353,-344,-352,-308,-243,-327,-335,-460,-448,-446,-437,-511,-492,-496,-467,-473,-458,-515,-467,-563,-571,-563,-563,-554,-532]} 1. e4 c5 2. b4 cxb4 3. Nf3 Nc6 4. a3 (4. d4 d5 5. exd5 Qxd5 6. c4 bxc3 7. Nxc3 Qa5 8. Bd2 e6 9. Rb1 Nf6 10. Bb5 Qd8 11. O-O Be7 12. Ne5 Bd7 13. Ba4 Qc8 14. Bg5 O-O 15. Rc1 {½-½ (91) Christiansen,J (2492)-Agdestein,S (2586) Drammen 2018}) 4... e5 5. d4 {[#]} exd4 $146 ({Predecessor:} 5... Nxd4 6. Nxd4 exd4 7. Qxd4 Qf6 8. e5 Qe7 9. Bc4 d6 10. f4 dxe5 11. fxe5 {½-½ (33) Millgramm,S (1839)-Hoeger,B (1839) Altenholz 2009}) 6. Bc4 {B30: Sicilian: 2...Nc6 3 Bb5, lines without ...g6} Nf6 7. e5 d5 8. Bb5 {Black is better.} Ne4 9. Nxd4 Bd7 {[#] White must now prevent ...Nxd4.} 10. Be3 (10. O-O $17) 10... Nxe5 $19 11. Qh5 (11. O-O $142) 11... Bd6 12. Ne6 (12. Bxd7+ $142 Qxd7 13. axb4) 12... Qf6 ({And not} 12... Bxb5 13. Nxd8 Rxd8 14. a4 $11) 13. Bxd7+ Nxd7 14. Nd4 Be5 15. Qd1 Qa6 {Threatens to win with ...Rc8.} 16. f3 Nd6 17. Nd2 bxa3 {Black is clearly winning.} 18. Kf2 O-O 19. Qc1 Bxd4 20. Bxd4 Nb5 21. Nb3 Rac8 22. Rd1 Rfe8 {...Re2+! is the strong threat.} 23. Kg1 Qg6 24. Rd2 Ne5 25. Bxe5 Rxe5 {Accuracy: White = 38%, Black = 97%.} 0-1

[Event "Chess House GM-Tourney 2019"]
[Site "Aarhus"]
[Date "2019.02.10"]
[Round "2.2"]
[White "Grivas, Efstratios"]
[Black "Thybo, Jesper Sondergaard"]
[Result "1-0"]
[WhiteElo "2413"]
[BlackElo "2517"]
[Annotator "ChessBase"]
[PlyCount "91"]
[EventDate "2019.02.09"]
[EventType "tourn"]
[EventCountry "DEN"]
[SourceTitle "playchess.com"]
[Source "ChessBase"]
[SourceQuality "1"]
[TimeControl "40/5400+30:1800+30"]

1. d4 {[%emt 0:00:00]} Nf6 {[%emt 0:00:00]} 2. c4 {[%emt 0:00:00]} e6 {[%emt 0:00:00]} 3. Nf3 {[%emt 0:00:08]} d5 {[%emt 0:00:00]} 4. Nc3 {[%emt 0:00:40]} Bb4 {[%emt 0:00:00]} 5. cxd5 {[%emt 0:01:36]} exd5 {[%emt 0:00:18]} 6. Bg5 {[%emt 0:00:14]} h6 {[%emt 0:01:10]} 7. Bxf6 {[%emt 0:02:14]} Qxf6 {[%emt 0:00:09]} 8. Qb3 {[%emt 0:01:46]} Qb6 {[%emt 0:00:34]} 9. e3 {[%emt 0:04:04]} c6 {[%emt 0:00:43]} 10. Bd3 {[%emt 0:01:26]} O-O {[%emt 0:00:32]} 11. O-O {[%emt 0:00:50]} Bd6 {[%emt 0:00:30]} 12. Qc2 {[%emt 0:00:21]} Nd7 {[%emt 0:00:19]} 13. Rab1 {[%emt 0:03:10]} a5 {[%emt 0:07:08]} 14. e4 {[%emt 0:09:45]} dxe4 {[%emt 0:02:27]} 15. Nxe4 {[%emt 0:00:12]} Be7 {[%emt 0:05:35]} 16. Rfe1 {[%emt 0:08:09]} Nf6 {[%emt 0:05:14]} 17. Bc4 {[%emt 0:06:47]} Nd5 {[%emt 0:19:21]} 18. Nc3 {[%emt 0:09:27]} Be6 {[%emt 0:01:17]} 19. Bxd5 {[%emt 0:02:03]} cxd5 {[%emt 0:00:08]} 20. Qd3 {[%emt 0:01:19]} Rfc8 {[%emt 0:02:56]} 21. Ne5 {[%emt 0:04:48]} Qa6 {[%emt 0:04:26]} 22. Qf3 {[%emt 0:02:15]} Qd6 {[%emt 0:02:30]} 23. Re2 {[%emt 0:02:00]} Bf6 {[%emt 0:03:29]} 24. Rbe1 {[%emt 0:04:35]} a4 {[%emt 0:09:44]} 25. a3 {[%emt 0:01:12]} b5 {[%emt 0:01:42]} 26. Nxb5 {[%emt 0:10:41]} Qb6 {[%emt 0:00:05]} 27. Qd3 {[%emt 0:00:15]} Rab8 {[%emt 0:00:36]} 28. Nc3 {[%emt 0:00:25]} Qa7 {[%emt 0:00:53]} 29. f4 {[%emt 0:07:19]} g6 {[%emt 0:00:40]} 30. Kh1 {[%emt 0:01:05]} Kg7 {[%emt 0:05:25]} 31. Rd2 {[%emt 0:06:21]} Rb6 {[%emt 0:02:17]} 32. Qf3 {[%emt 0:01:18]} Rcb8 {[%emt 0:03:55]} 33. Ree2 {[%emt 0:00:50]} Qa5 {[%emt 0:10:12]} 34. h3 {[%emt 0:00:52]} h5 {[%emt 0:00:37]} 35. Kh2 {[%emt 0:03:21]} R8b7 {[%emt 0:01:13]} 36. g4 {[%emt 0:02:14]} hxg4 {[%emt 0:00:42]} 37. hxg4 {[%emt 0:00:03]} Rd6 {[%emt 0:03:39]} 38. Kg3 {[%emt 0:01:28]} Rb8 {[%emt 0:06:00]} 39. Rh2 {[%emt 0:01:56]} Kg8 {[%emt 0:02:21]} 40. f5 {[%emt 0:01:42]} Bc8 {[%emt 0:00:40]} 41. fxg6 {[%emt 0:01:48]} Bxe5+ {[%emt 0:05:25]} 42. dxe5 {[%emt 0:00:27]} Rxg6 {[%emt 0:00:03]} 43. Qh1 {[%emt 0:05:18]} Rxg4+ {[%emt 0:04:30]} 44. Kf3 {[%emt 0:00:36]} Kf8 {[%emt 0:03:24]} 45. Rh8+ {[%emt 0:02:30]} Ke7 {[%emt 0:00:05]} 46. Qh6 {[%emt 0:01:20]} 1-0

[Event "Chess House GM-Tourney 2019"]
[Site "Aarhus"]
[Date "2019.02.10"]
[Round "2.3"]
[White "Fries-Nielsen, Jens Ove"]
[Black "Kotronias, Vasilios"]
[Result "0-1"]
[WhiteElo "2371"]
[BlackElo "2486"]
[Annotator "TA"]
[PlyCount "82"]
[EventDate "2019.02.09"]
[EventType "tourn"]
[EventCountry "DEN"]
[SourceTitle "playchess.com"]
[Source "ChessBase"]
[SourceQuality "1"]

{[%evp 20,82,0,0,0,-41,-43,-36,-29,-37,-32,-36,0,-18,0,-20,-14,-8,-14,-42,-40,-100,-95,-172,-164,-165,-161,-164,-138,-141,-148,-162,-172,-168,-154,-159,-141,-146,-145,-130,-112,-162,-175,-218,-209,-302,-283,-243,-89,-484,-480,-479,-468,-674,-666,-776,-739,-969,-917,-741,-692,-29992,-29993,-29994,-29995]} 1. e4 c5 2. Nf3 d6 3. d4 cxd4 4. Nxd4 Nf6 5. Nc3 a6 6. Nb3 Nc6 7. a4 g6 8. a5 Be6 9. Be2 Bg7 10. O-O O-O 11. Be3 Bxb3 {B74: Sicilian Dragon: Classical System with 9 Nb3} 12. Bb6 {[#]} Bxc2 $1 13. Qxc2 Qc8 {Black is slightly better.} 14. Rfd1 $146 ({Predecessor:} 14. Qd2 Qe6 15. f3 Ne5 16. Rfc1 Rac8 17. Ra4 Rc6 18. Be3 Rfc8 19. f4 Nc4 20. Bxc4 Rxc4 21. Rxc4 Rxc4 22. e5 Ng4 23. b3 Rc8 24. Bd4 dxe5 25. fxe5 Nxe5 {0-1 (25) Nesterovskaya,A (2133)-Can,E (2448) Al Ain 2012}) 14... Bh6 15. Qb3 Ne5 16. Bd4 Qe6 17. Qxe6 fxe6 18. Bxe5 dxe5 19. Bc4 Kf7 20. Ra4 (20. Na4 $15) 20... Rfd8 $17 21. Rb1 (21. Bd3 $17 {was called for.}) 21... Bd2 $19 22. f3 Rac8 23. Bf1 Be3+ 24. Kh1 Rd2 25. Rb4 Rc7 26. Rc4 Rxc4 27. Bxc4 Bd4 28. Na4 g5 29. b4 h5 30. h3 g4 31. hxg4 hxg4 32. Nc5 (32. fxg4 {was forced.} Nxe4 33. Kh2) 32... Bxc5 33. bxc5 {[%mdl 4096] Endgame [#] KRB-KRN} g3 $2 (33... Rc2 $1 $19 {[%cal Rc2c4] has better winning chances.} 34. c6 Rxc4 35. cxb7 Nd7 36. fxg4 Rxe4) 34. Rc1 $2 {[%mdl 8192]} (34. c6 $17 {was the crucial defense.} bxc6 35. Ra1) 34... Nh5 35. c6 bxc6 36. Bxa6 (36. Ra1 $142 Nf4 37. Rg1) 36... Ra2 37. Bb7 Rxa5 38. Bxc6 Nf4 39. Rb1 Ra2 40. Rg1 {Now Bb5 and White clings on.} Rb2 41. Ba4 Rb8 {Accuracy: White = 23%, Black = 72%.} 0-1